| 000 | 00763nam a2200229 a 4500 | ||
|---|---|---|---|
| 005 | 20241012063707.0 | ||
| 008 | 011105s2001 r 000 0 eng d | ||
| 020 | _a970186042X | ||
| 035 | _aUPN01000113737 | ||
| 049 | _aCG | ||
| 050 | 4 |
_aRA425 _bG6.3 |
|
| 100 | 1 | _aGómez Fernández, Teresita | |
| 245 | 1 | 0 |
_aGuía de educación para la salud comunitaria / _cTeresita Gómez Fernández, Olivia González Campos, María Elena Guerra y Sánchez. |
| 260 |
_aMéxico : _bCONAFE, _c2001. |
||
| 300 | _a114 p. | ||
| 650 | 0 |
_aSalud pública _zMéxico _98367 |
|
| 650 | 4 |
_aSeguridad social _zMéxico _918394 |
|
| 700 | 1 |
_aGonzález Campos, Olivia, _ecoaut. _943209 |
|
| 700 | 1 |
_aGuerra y Sánchez, María Elena, _ecoaut. _943208 |
|
| 902 | _aMCM/mva | ||
| 905 | _aLibro | ||
| 999 |
_c87645 _d87645 |
||